Dadi's Kitchen/ (Record no. 214802)

MARC details
000 -LEADER
fixed length control field 00618nam a22001937a 4500
005 - DATE AND TIME OF LATEST TRANSACTION
control field 20260211125543.0
010 ## - LCCN (DPL NO)
LC control number ENG-147799
020 ## - INTERNATIONAL STANDARD BOOK NUMBER
International Standard Book Number 9788199376304
Terms of availability 3580.00
035 ## - SYSTEM CONTROL NUMBER
System control number EN-131331
037 ## - SOURCE OF ACQUISITION
Source of stock number/acquisition DBAD
082 ## - DEWEY DECIMAL CLASSIFICATION NUMBER
Classification number 643.3
100 ## - MAIN ENTRY--PERSONAL NAME
Personal name Ramchandani, Moiina
245 00 - TITLE STATEMENT
Title Dadi's Kitchen/
Statement of responsibility, etc Moiina Ramchandani
250 ## - EDITION STATEMENT
Edition statement 1
260 ## - PUBLICATION, DISTRIBUTION, ETC. (IMPRINT)
Place of publication, distribution, etc New Delhi
Name of publisher, distributor, etc KW Publishers KW Publishers in association with Centre for Land Warfare Studies
Date of publication, distribution, etc 2026
270 ## - ADDRESS
Address 4676/21, First Floor, Ansari Road, Daryaganj,
City New Delhi
Postal code 110002
300 ## - PHYSICAL DESCRIPTION
Extent 151p.
Dimensions 22cm(pb)
942 ## - ADDED ENTRY ELEMENTS (KOHA)
Source of classification or shelving scheme Dewey Decimal Classification
Item type English Books
Classification part 643.3
Call number suffix RAM

No items available.


© Delhi Public Library
Hit Counter
free hit counter